Travels in the interior of México, in 1825, 1826, 1827 & 1828 (Record no. 3460)

MARC details
000 -CABECERA
campo de control de longitud fija 00770nam a2200253 a 4500
001 - NÚMERO DE CONTROL
campo de control BRCA_3731
005 - FECHA Y HORA DE LA ÚLTIMA TRANSACCIÓN
campo de control 20190320204412.0
008 - DATOS DE LONGITUD FIJA--INFORMACIÓN GENERAL
campo de control de longitud fija 150909s1829----enka---###---#000-0#eng-#
041 ## - CÓDIGO DE LENGUA
Código de lengua del texto/banda sonora o título independiente eng
044 ## - CÓDIGO DEL PAÍS DE LA ENTIDAD EDITORA/PRODUCTORA
Código MARC del país enk
050 #4 - SIGNATURA TOPOGRÁFICA DE LA BIBLIOTECA DEL CONGRESO
Número de clasificación F1213
Número de documento/Ítem .H37 1829
100 1# - ENTRADA PRINCIPAL--NOMBRE DE PERSONA
Nombre de persona Hardy, Robert William Hale
Fechas asociadas al nombre m. 1871
9 (RLIN) 9708
245 10 - MENCIÓN DE TÍTULO
Título Travels in the interior of México, in 1825, 1826, 1827 & 1828
Mención de responsabilidad, etc. by Lieut R. W. H. Hardy.
260 ## - PUBLICACIÓN, DISTRIBUCIÓN, ETC.
Lugar de publicación, distribución, etc. London
Nombre del editor, distribuidor, etc. H. Colburn & R. Bentley
Fecha de publicación, distribución, etc. 1829
300 ## - DESCRIPCIÓN FÍSICA
Extensión 540 p.
Otras características físicas il.
Dimensiones 22 cm.
500 ## - NOTA GENERAL
Nota general B353
650 14 - PUNTO DE ACCESO ADICIONAL DE MATERIA--TÉRMINO DE MATERIA
Término de materia o nombre geográfico como elemento de entrada Perlas
Subdivisión general Pesca
9 (RLIN) 9709
650 14 - PUNTO DE ACCESO ADICIONAL DE MATERIA--TÉRMINO DE MATERIA
Término de materia o nombre geográfico como elemento de entrada Viajeros ingleses
9 (RLIN) 7018
651 #4 - PUNTO DE ACCESO ADICIONAL DE MATERIA--NOMBRE GEOGRÁFICO
Nombre geográfico México
Subdivisión general Descripción y viajes
9 (RLIN) 103
651 #4 - PUNTO DE ACCESO ADICIONAL DE MATERIA--NOMBRE GEOGRÁFICO
Nombre geográfico Sonora
Subdivisión general Descripción y viajes
9 (RLIN) 8194
651 #4 - PUNTO DE ACCESO ADICIONAL DE MATERIA--NOMBRE GEOGRÁFICO
Nombre geográfico California, Golfo de
9 (RLIN) 9710
902 ## - CATALOGADOR
Iniciales GFM
942 ## - ELEMENTOS DE PUNTO DE ACCESO ADICIONAL (KOHA)
Fuente del sistema de clasificación o colocación Library of Congress Classification
Tipo de ítem Koha Libros
Holdings
Estado de retiro Estado de pérdida Estado dañado No para préstamo Localización permanente Ubicación/localización actual Fecha de adquisición Número de inventario Total de préstamos Signatura topográfica completa Código de barras Fecha visto por última vez Precio válido a partir de Tipo de ítem Koha
El ejemplar forma parte de la colección y puede ser consultado según las políticas vigentes.       Biblioteca del Museo Franz Mayer (Rogerio Casas-Alatriste) Biblioteca del Museo Franz Mayer (Rogerio Casas-Alatriste) 15/09/2009 B353   F1213 .H37 1829 (B353) 3728 22/03/2019 22/03/2019 Libros